Sports Quiz

Random Sports or Hockey Quiz

Somewhere in the Middle (Sports) Quiz Stats

 Plays Quiz Updated Oct 28, 2016

Score 0/20 Timer 01:30
5 Plays Today
% Correct
de
94.6%
League
94.4%
in
94.4%
Martial
94.2%
Square
94.2%
Valuable
94.1%
Basketball
90.4%
Wrestling
89.4%
Point
89.4%
Run
89.1%
% Correct
Batted
84.8%
Hockey
84.7%
Holds
83.1%
After
81.2%
Smythe
78%
Athletic
76.8%
Ten
76.6%
Toe
68.7%
Plate
63.7%
Mid
53.6%

You're not logged in!

Compare scores with friends on all Sporcle quizzes.
OR
Log In

Show Comments

Extras

Top Quizzes Today


Score Distribution

Your Account Isn't Verified!

In order to create a playlist on Sporcle, you need to verify the email address you used during registration. Go to your Sporcle Settings to finish the process.

Report this User

Report this user for behavior that violates our Community Guidelines.

Details: